Broken boys/mending men : (Record no. 352)

MARC details
000 -LEADER
fixed length control field 01005cam a2200277 a 4500
005 - DATE AND TIME OF LATEST TRANSACTION
control field 20260322212016.0
008 - FIXED-LENGTH DATA ELEMENTS--GENERAL INFORMATION
fixed length control field data
010 ## - LIBRARY OF CONGRESS CONTROL NUMBER
LC control number 2002108918
020 ## - INTERNATIONAL STANDARD BOOK NUMBER
International Standard Book Number 1930665628 (pbk.)
020 ## - INTERNATIONAL STANDARD BOOK NUMBER
International Standard Book Number 9781930665620 (pbk.)
040 ## - CATALOGING SOURCE
Original cataloging agency DLC
Transcribing agency DLC
Modifying agency DLC
043 ## - GEOGRAPHIC AREA CODE
Geographic area code n-us---
050 00 - LIBRARY OF CONGRESS CALL NUMBER
Classification number HV6570.2
Item number .G78 2002
092 ## - LOCALLY ASSIGNED DEWEY CALL NUMBER (OCLC)
Classification number 362.76 G78 2002
001 - CONTROL NUMBER
control field data
100 1# - MAIN ENTRY--PERSONAL NAME
Personal name Grubman-Black, Stephen D.
245 10 - TITLE STATEMENT
Title Broken boys/mending men :
Remainder of title recovery from childhood sexual abuse /
Statement of responsibility, etc. Stephen D. Grubman-Black.
260 ## - PUBLICATION, DISTRIBUTION, ETC.
Place of publication, distribution, etc. Caldwell, N.J. :
Name of publisher, distributor, etc. Blackburn Press,
Date of publication, distribution, etc. c2002.
300 ## - PHYSICAL DESCRIPTION
Extent xii, 168 p. ;
Dimensions 21 cm.
500 ## - GENERAL NOTE
General note Originally published: Bradenton, Fla. : Human Services Institute ; Blue Ridge Summit, PA : Tab Books, c1990.
504 ## - BIBLIOGRAPHY, ETC. NOTE
Bibliography, etc. note Includes bibliographical references (p. [165]-168).
650 #0 - SUBJECT ADDED ENTRY--TOPICAL TERM
Topical term or geographic name entry element Adult child sexual abuse victims
General subdivision Psychology.
650 #0 - SUBJECT ADDED ENTRY--TOPICAL TERM
Topical term or geographic name entry element Sexually abused boys
General subdivision Psychology.
650 #0 - SUBJECT ADDED ENTRY--TOPICAL TERM
Topical term or geographic name entry element Male sexual abuse victims
General subdivision Psychology.
650 #0 - SUBJECT ADDED ENTRY--TOPICAL TERM
Topical term or geographic name entry element Boys
General subdivision Abuse of
Geographic subdivision United States
Form subdivision Case studies.
Holdings
Withdrawn status Lost status Damaged status Not for loan Home library Current library Shelving location Date acquired Total checkouts Full call number Barcode Date last seen Price effective from Koha item type
        Centerville Centerville General stacks 22/03/2026   HV6570.2 .G78 2002 BC0010362 22/03/2026 22/03/2026 Books